[Event "Torredembarra op 22nd"]
[Site "Torredembarra"]
[Date "2022.07.04"]
[Round "3"]
[White "Esplugas Esteve, Vicenc"]
[Black "Galimany Rovira, Xavier"]
[Result "1-0"]
[WhiteElo "2330"]
[BlackElo "2112"]
[PlyCount "90"]
[EventDate "2022.07.02"]
[EventType "swiss"]
[EventRounds "9"]
[EventCountry "ESP"]
[SourceTitle "EXT 2023"]
[Source "ChessBase"]
[SourceDate "2022.10.05"]
[SourceVersion "1"]
[SourceVersionDate "2022.10.05"]
[SourceQuality "1"]

1. d4 Nf6 2. c4 c5 3. d5 b5 4. Nf3 Bb7 5. a4 Qa5+ 6. Bd2 b4 7. Qc2 d6 8. e4 Nbd7 9. Bd3 g6 10. 0-0 Bg7 11. Bg5 0-0 12. h3 Rae8 13. Nbd2 e5 14. dxe6 fxe6 15. e5 Nxe5 16. Nxe5 dxe5 17. Bxf6 Rxf6 18. Be4 Rf7 19. Rfd1 Rd8 20. Bxb7 Rxb7 21. Nb3 Rxd1+ 22. Qxd1 Qb6 23. a5 Qc7 24. Qg4 Kf7 25. Qe4 Rb8 26. Rd1 Bf6 27. g3 a6 28. h4 Rc8 29. Kg2 Ke7 30. Rd3 Qc6 31. Nd2 Bg7 32. b3 Bh6 33. Qxc6 Rxc6 34. Ne4 Bc1 35. Kh3 Bh6 36. Kg4 Bc1 37. h5 gxh5+ 38. Kxh5 Rc8 39. Rd1 Bb2 40. Rd6 Rf8 41. Rxa6 Rf3 42. Rxe6+ Kd8 43. a6 Rxb3 44. Nxc5 Ra3 45. Rb6 Bd4 1-0

[Event "Masdenverge op 4th"]
[Site "Masdenverge"]
[Date "2015.06.28"]
[Round "6"]
[White "Galimany Rovira, Xavier"]
[Black "Miquel Juan, Marcelo"]
[Result "1-0"]
[WhiteElo "2060"]
[BlackElo "2025"]
[PlyCount "111"]
[EventDate "2015.06.26"]
[EventType "swiss"]
[EventRounds "7"]
[EventCountry "ESP"]
[SourceTitle "EXT 2019"]
[Source "ChessBase"]
[SourceDate "2018.10.10"]
[SourceVersion "1"]
[SourceVersionDate "2018.10.10"]
[SourceQuality "1"]

1. c4 Nf6 2. g3 g6 3. Bg2 d5 4. cxd5 Nxd5 5. Nc3 Nb6 6. d3 Bg7 7. Be3 0-0 8. Qd2 Re8 9. Bh6 Bh8 10. h4 Nc6 11. Nf3 Bg4 12. h5 Nd5 13. hxg6 fxg6 14. Rc1 Nxc3 15. bxc3 e5 16. Rb1 e4 17. dxe4 Na5 18. Qc2 Qf6 19. 0-0 Bxf3 20. Bxf3 g5 21. Rb5 Qxh6 22. Rxa5 b6 23. Rd5 Be5 24. Bg4 Rad8 25. Rfd1 Rd6 26. R1d3 Kh8 27. Qa4 Qg6 28. Rxd6 Bxd6 29. Bf5 Qh5 30. Qd7 Re7 31. Qd8+ Qe8 32. Qxe8+ Rxe8 33. e3 Kg7 34. Kg2 a5 35. a4 Re7 36. f4 Bc5 37. Kf3 Kf6 38. g4 h6 39. Rd8 Kg7 40. e5 b5 41. axb5 a4 42. Bc2 a3 43. Bb3 Bb6 44. Rb8 Ba7 45. Ra8 Bc5 46. e6 Kf6 47. Rf8+ Kg7 48. Rf7+ Rxf7 49. exf7 Kf6 50. Ke4 Bd6 51. Bc4 Bc5 52. Kd5 Bd6 53. b6 Ke7 54. f8Q+ Kxf8 55. b7 Ke7 56. Kc6 1-0

[Event "Masdenverge op 4th"]
[Site "Masdenverge"]
[Date "2015.06.26"]
[Round "2"]
[White "Galimany Rovira, Xavier"]
[Black "Iglesias Fernandez, Luis"]
[Result "1-0"]
[WhiteElo "2060"]
[BlackElo "1770"]
[PlyCount "69"]
[EventDate "2015.06.26"]
[EventType "swiss"]
[EventRounds "7"]
[EventCountry "ESP"]
[SourceTitle "EXT 2019"]
[Source "ChessBase"]
[SourceDate "2018.10.10"]
[SourceVersion "1"]
[SourceVersionDate "2018.10.10"]
[SourceQuality "1"]

1. c4 e5 2. g3 Nc6 3. Bg2 f5 4. Nc3 Nf6 5. d3 Bc5 6. Nf3 d6 7. 0-0 0-0 8. a3 a5 9. e3 Bb6 10. d4 e4 11. Ne1 Qe8 12. Rb1 Ne7 13. b4 axb4 14. axb4 c5 15. bxc5 Ba5 16. cxd6 Bxc3 17. dxe7 Qxe7 18. Qb3 Bxe1 19. Rxe1 Qe8 20. Bf1 Qh5 21. Ba3 Rf7 22. Bd6 Ng4 23. h3 f4 24. exf4 e3 25. hxg4 exf2+ 26. Kxf2 Bxg4 27. Bg2 g5 28. c5 gxf4 29. Bxf4 Kg7 30. Re5 Rxf4+ 31. gxf4 Qh4+ 32. Kg1 Rf8 33. Qe3 Bf5 34. Re7+ Kg8 35. Rbxb7 1-0

[Event "Torredembarra op 16th"]
[Site "Torredembarra"]
[Date "2014.07.10"]
[Round "6"]
[White "Gonzalez Rodriguez, Jorge Armando"]
[Black "Galimany Rovira, Xavier"]
[Result "1-0"]
[WhiteElo "2385"]
[BlackElo "2017"]
[PlyCount "91"]
[EventDate "2014.07.05"]
[EventType "swiss"]
[EventRounds "9"]
[EventCountry "ESP"]
[SourceTitle "CBM 161 Extra"]
[Source "ChessBase"]
[SourceDate "2014.08.29"]
[SourceVersion "1"]
[SourceVersionDate "2014.08.29"]
[SourceQuality "1"]

1. b3 d5 2. e3 Bf5 3. Bb2 e6 4. Nf3 Nd7 5. Be2 Ngf6 6. Nh4 Bd6 7. Nxf5 exf5 8. g3 Ne5 9. f4 Ned7 10. Bf3 Qe7 11. Qe2 c6 12. 0-0 0-0 13. a3 a5 14. Re1 a4 15. b4 Rfe8 16. c4 dxc4 17. Qxc4 Qe6 18. Qc2 c5 19. b5 Ra7 20. d3 c4 21. dxc4 Bc5 22. Kg2 Ng4 23. Bxg4 fxg4 24. e4 Nb6 25. Nd2 Qh6 26. Re2 Raa8 27. e5 Rac8 28. Rc1 Qh3+ 29. Kh1 Re6 30. Qe4 Rh6 31. Qg2 Qxg2+ 32. Kxg2 Bf8 33. Re3 Re6 34. Rd3 Ree8 35. Kf2 Rc7 36. Ke2 Rec8 37. Bd4 Bc5 38. Bxc5 Rxc5 39. Rd6 Na8 40. Ne4 R5c7 41. Rcd1 Kf8 42. c5 Ke7 43. b6 Rxc5 44. Rd7+ Ke6 45. R1d6+ Kf5 46. Nxc5 1-0

[Event "Andorra op 31st"]
[Site "La Massana"]
[Date "2013.07.20"]
[Round "1"]
[White "Galimany Rovira, Xavier"]
[Black "Burg, Twan"]
[Result "0-1"]
[WhiteElo "2006"]
[BlackElo "2479"]
[PlyCount "60"]
[EventDate "2013.07.20"]
[EventType "swiss"]
[EventRounds "9"]
[EventCountry "AND"]
[SourceTitle "CBM 155 Extra"]
[Source "ChessBase"]
[SourceDate "2013.08.26"]
[SourceVersion "1"]
[SourceVersionDate "2013.08.26"]
[SourceQuality "1"]

1. c4 e5 2. g3 Nf6 3. Bg2 Nc6 4. Nc3 Bc5 5. d3 0-0 6. Nf3 d6 7. 0-0 h6 8. a3 a6 9. b4 Ba7 10. Bb2 Nd4 11. e3 Nxf3+ 12. Bxf3 c6 13. d4 exd4 14. exd4 Re8 15. c5 d5 16. Qd3 Bh3 17. Rfe1 Qd7 18. Re2 Bf5 19. Qd2 Rxe2 20. Bxe2 Re8 21. Bf3 Qe6 22. a4 Bb8 23. b5 Nh7 24. Bg2 Ng5 25. h4 Nh3+ 26. Kh2 g5 27. Bxh3 Bxh3 28. hxg5 Bg4 29. Nd1 Qg6 30. Ra3 Qh5+ 0-1

[Event "Torredembarra op 14th"]
[Site "Torredembarra"]
[Date "2012.07.02"]
[Round "3"]
[White "Galimany Rovira, Xavier"]
[Black "Gonzalez Rodriguez, Jorge Armando"]
[Result "0-1"]
[WhiteElo "1998"]
[BlackElo "2398"]
[PlyCount "142"]
[EventDate "2012.06.30"]
[EventType "swiss"]
[EventRounds "9"]
[EventCountry "ESP"]
[SourceTitle "EXT 2013"]
[Source "ChessBase"]
[SourceDate "2012.11.22"]
[SourceVersion "1"]
[SourceVersionDate "2012.11.22"]
[SourceQuality "1"]

1. c4 Nf6 2. g3 c5 3. Bg2 Nc6 4. Nc3 g6 5. Nf3 Bg7 6. d4 cxd4 7. Nxd4 0-0 8. 0-0 h6 9. e3 Qc7 10. b3 Nxd4 11. Qxd4 d5 12. Nb5 Qd8 13. Bb2 Nh5 14. Qd2 dxc4 15. Qxd8 Rxd8 16. Bxg7 Nxg7 17. bxc4 Ne6 18. Rfd1 a6 19. Rxd8+ Nxd8 20. Nc7 Rb8 21. Rb1 a5 22. c5 Bd7 23. Nd5 Kf8 24. Nb6 Be8 25. Rd1 Ne6 26. Rc1 Nc7 27. Rb1 Na6 28. Rc1 e6 29. Bf1 Nc7 30. Rd1 Ke7 31. Bg2 Na6 32. Rc1 Kd8 33. Bf1 Kc7 34. Nc4 Nxc5 35. Nxa5 b6 36. Nb3 Kd6 37. Rd1+ Ke7 38. Rb1 Nxb3 39. Rxb3 Kd6 40. Bd3 Bc6 41. Kf1 Bd5 42. Rb2 Kc5 43. Rb5+ Kc6 44. Rb2 Ra8 45. Bb5+ Kc5 46. a4 f5 47. Ke2 g5 48. f4 g4 49. Kd2 h5 50. Kc3 h4 51. gxh4 Rh8 52. Re2 Rxh4 53. Bd7 Bc4 54. Rf2 Rh3 55. Kd2 Rh8 56. Kc3 Rh3 57. Kd2 Kb4 58. Rg2 Rh8 59. Kc1 Bb3 60. e4 Rd8 61. Bb5 Rd4 62. exf5 exf5 63. Rf2 Bxa4 64. Bxa4 Kxa4 65. Kb2 Kb4 66. Kb1 b5 67. Rb2+ Kc4 68. Rc2+ Kd5 69. Rf2 Ke4 70. Kc2 b4 71. Kb3 Ke3 0-1

[Event "Vilafranca del Penedes op 4th"]
[Site "Vilafranca del Penedes"]
[Date "2010.05.14"]
[Round "5.6"]
[White "Galimany Rovira, Xavier"]
[Black "Colet Fernandez, Josep A"]
[Result "0-1"]
[WhiteElo "2007"]
[BlackElo "2060"]
[PlyCount "62"]
[EventDate "2010.04.16"]
[EventType "swiss"]
[EventRounds "8"]
[EventCountry "ESP"]
[SourceTitle "EXT 2024"]
[Source "ChessBase"]
[SourceDate "2023.10.10"]
[SourceVersion "1"]
[SourceVersionDate "2023.10.10"]
[SourceQuality "1"]

1. e4 c5 2. Nf3 d6 3. Bb5+ Nc6 4. 0-0 e5 5. Bxc6+ bxc6 6. h3 Be7 7. d3 g5 8. c3 h5 9. d4 g4 10. hxg4 hxg4 11. Ne1 Bg5 12. g3 Ba6 13. Ng2 Bxf1 14. Qxf1 Qf6 15. Bxg5 Qxg5 16. Na3 exd4 17. cxd4 cxd4 18. Qc4 Qc5 19. Qf1 Ne7 20. Nh4 Rh6 21. Rc1 Qb4 22. Nc4 Qb5 23. Qd1 Qg5 24. Rc2 c5 25. Re2 Kf8 26. e5 d5 27. Nd6 Re6 28. Nb7 Rc8 29. Rc2 c4 30. b3 d3 31. Rc1 Rxe5 0-1

[Event "Vilafranca del Penedes op 3rd"]
[Site "Vilafranca del Penedes"]
[Date "2009.05.29"]
[Round "6.8"]
[White "Rafols Albet, Josep"]
[Black "Galimany Rovira, Xavier"]
[Result "1-0"]
[WhiteElo "2114"]
[BlackElo "2000"]
[PlyCount "73"]
[EventDate "2009.04.17"]
[EventType "swiss"]
[EventRounds "8"]
[EventCountry "ESP"]
[SourceTitle "EXT 2024"]
[Source "ChessBase"]
[SourceDate "2023.10.10"]
[SourceVersion "1"]
[SourceVersionDate "2023.10.10"]
[SourceQuality "1"]

1. b3 e5 2. Bb2 Nc6 3. e3 d5 4. Bb5 Bd6 5. c4 Nge7 6. cxd5 Nxd5 7. Bxc6+ bxc6 8. Ne2 0-0 9. 0-0 Ba6 10. d3 Nb4 11. Nc1 Qh4 12. e4 Rad8 13. a3 Nxd3 14. Nxd3 Qxe4 15. Nc1 Bxf1 16. Qxf1 Bc5 17. Nc3 Qf5 18. N1e2 Rd2 19. Bc1 Rd7 20. Be3 Bxe3 21. fxe3 Qg5 22. Qf3 Rfd8 23. Rf1 f6 24. Ne4 Qg6 25. N2g3 Kh8 26. h4 Rb8 27. h5 Qf7 28. h6 gxh6 29. Nxf6 Rdd8 30. Qe4 Rb5 31. a4 Rc5 32. b4 Rcd5 33. Nxd5 Qxd5 34. Qf5 Rg8 35. Qf6+ Rg7 36. Rf2 h5 37. Nf5 1-0

[Event "Vilafranca del Penedes op 3rd"]
[Site "Vilafranca del Penedes"]
[Date "2009.05.22"]
[Round "5.6"]
[White "Galimany Rovira, Xavier"]
[Black "Garcia Jimenez, Francisco Javier"]
[Result "0-1"]
[WhiteElo "2000"]
[BlackElo "2188"]
[PlyCount "112"]
[EventDate "2009.04.17"]
[EventType "swiss"]
[EventRounds "8"]
[EventCountry "ESP"]
[SourceTitle "EXT 2024"]
[Source "ChessBase"]
[SourceDate "2023.10.10"]
[SourceVersion "1"]
[SourceVersionDate "2023.10.10"]
[SourceQuality "1"]

1. e4 d5 2. Nc3 dxe4 3. Nxe4 Qd5 4. Nc3 Qa5 5. d4 c6 6. Nf3 Nf6 7. Bd2 Bf5 8. Be2 e6 9. 0-0 Nbd7 10. Re1 Qb6 11. Rb1 Bd6 12. Be3 Qc7 13. Bd3 Bg4 14. h3 Bh5 15. Ne4 Nxe4 16. Bxe4 Nf6 17. Bd3 0-0 18. Be2 Nd5 19. c4 Nxe3 20. fxe3 Rad8 21. Qa4 c5 22. Rbd1 Rfe8 23. Kh1 a6 24. Rf1 Qe7 25. Qc2 Bb8 26. Ne5 Bxe2 27. Qxe2 f6 28. Nf3 Qc7 29. dxc5 Qxc5 30. Rxd8 Rxd8 31. Rd1 Rxd1+ 32. Qxd1 Kf7 33. Qd7+ Qe7 34. Qd3 Qd6 35. Qe4 Qd7 36. b4 Bg3 37. Qc2 g6 38. a4 Qc7 39. Nd4 Qe5 40. Qd2 Qe4 41. Ne2 Qb1+ 42. Ng1 Ke7 43. e4 Qe1 44. Qxe1 Bxe1 45. b5 Kd6 46. Nf3 Bc3 47. Kg1 Kc5 48. Kf2 a5 49. Ke3 Kxc4 50. g4 Bb2 51. Ne1 Bd4+ 52. Kf3 Bc3 53. Ng2 Kb3 54. Nf4 Kxa4 55. Nxe6 Kxb5 56. Ke3 Kc4 0-1

[Event "Vilafranca del Penedes op 2nd"]
[Site "Vilafranca del Penedes"]
[Date "2008.05.23"]
[Round "6.3"]
[White "Aranda Flores, Jordi"]
[Black "Galimany Rovira, Xavier"]
[Result "1/2-1/2"]
[WhiteElo "2095"]
[BlackElo "1992"]
[PlyCount "140"]
[EventDate "2008.04.11"]
[EventType "swiss"]
[EventRounds "8"]
[EventCountry "ESP"]
[SourceTitle "EXT 2024"]
[Source "ChessBase"]
[SourceDate "2023.10.10"]
[SourceVersion "1"]
[SourceVersionDate "2023.10.10"]
[SourceQuality "1"]

1. d4 Nf6 2. Bg5 e6 3. e4 h6 4. Bxf6 Qxf6 5. Nc3 Bb4 6. Qd2 0-0 7. 0-0-0 Qg5 8. Qxg5 hxg5 9. Nb5 Na6 10. a3 Be7 11. c4 d6 12. g3 c6 13. Nc3 Nc7 14. f4 gxf4 15. gxf4 d5 16. Nf3 dxe4 17. Nxe4 Ne8 18. Bd3 Nd6 19. Ng3 Nf5 20. Rhe1 Nxg3 21. hxg3 Bf6 22. Ne5 g6 23. Be4 Rd8 24. Re3 Bd7 25. Rb3 Rab8 26. c5 Be8 27. Rbd3 Bxe5 28. dxe5 Rxd3 29. Rxd3 Kf8 30. Kc2 Ke7 31. b4 Bd7 32. Rd1 Rh8 33. Rh1 Rxh1 34. Bxh1 a6 35. Be4 Bc8 36. Kb3 Kd8 37. Ka4 Kc7 38. Ka5 Bd7 39. Bd3 Be8 40. a4 Bd7 41. Be2 Be8 42. Bc4 Bd7 43. Bf1 Be8 44. g4 Bd7 45. g5 Be8 46. Bc4 Bd7 47. Bd3 Bc8 48. Be2 Bd7 49. Bd3 Bc8 50. Bf1 Bd7 51. Bg2 Bc8 52. Bf3 Bd7 53. Be4 Bc8 54. Bh1 Bd7 55. Bf3 Bc8 56. Be2 Bd7 57. Bd1 Bc8 58. Bb3 Bd7 59. Bc4 Bc8 60. b5 axb5 61. axb5 Bd7 62. b6+ Kb8 63. Kb4 Kc8 64. Kc3 Kd8 65. Kd4 Bc8 66. Ke3 Ke7 67. Bf1 Bd7 68. Kf3 Bc8 69. Kg4 Bd7 70. Ba6 Bc8 1/2-1/2

[Event "Vilafranca del Penedes op 2nd"]
[Site "Vilafranca del Penedes"]
[Date "2008.04.18"]
[Round "2.10"]
[White "Ramirez Sanchez, Prudencio"]
[Black "Galimany Rovira, Xavier"]
[Result "0-1"]
[WhiteElo "1761"]
[BlackElo "1992"]
[PlyCount "108"]
[EventDate "2008.04.11"]
[EventType "swiss"]
[EventRounds "8"]
[EventCountry "ESP"]
[SourceTitle "EXT 2024"]
[Source "ChessBase"]
[SourceDate "2023.10.10"]
[SourceVersion "1"]
[SourceVersionDate "2023.10.10"]
[SourceQuality "1"]

1. d4 Nf6 2. c4 c5 3. d5 e5 4. Nc3 d6 5. e4 Be7 6. f4 Nbd7 7. Nf3 0-0 8. fxe5 Nxe5 9. Nxe5 dxe5 10. Be2 Ne8 11. 0-0 Nd6 12. Be3 b6 13. b3 Bg5 14. Qd2 Bxe3+ 15. Qxe3 Qh4 16. Rad1 Bd7 17. Rf3 Rae8 18. Qf2 Qxf2+ 19. Rxf2 Re7 20. Rdf1 f6 21. h3 Ref7 22. Bd3 g6 23. Ne2 f5 24. Ng3 f4 25. Nh1 Kg7 26. Rf3 g5 27. Nf2 h5 28. g4 hxg4 29. hxg4 Rh8 30. Rh3 Rxh3 31. Nxh3 Kf6 32. Nf2 Rh7 33. Kg2 a6 34. Rh1 Rxh1 35. Kxh1 b5 36. Kg2 Ke7 37. Kf3 Kd8 38. Nh3 Nf7 39. Be2 Kc7 40. Nf2 Kb6 41. Nd3 bxc4 42. bxc4 Ba4 43. Kf2 Bc2 44. Ke1 Bxd3 45. Bxd3 Ka5 46. Kd2 Kb4 47. Kc2 Ka3 48. Kb1 Nd6 49. Ka1 f3 50. Kb1 f2 51. Kc2 Nxe4 52. Bf1 Kxa2 53. Kd3 Nd6 54. Ke3 Kb2 0-1

[Event "Tarragona-ch"]
[Site "Tarragona"]
[Date "2003.??.??"]
[Round "4"]
[White "Bonet Pau, Ramon"]
[Black "Galimany Rovira, Xavier"]
[Result "0-1"]
[WhiteElo "2075"]
[BlackElo "1965"]
[PlyCount "112"]
[EventDate "2003.??.??"]
[EventType "swiss"]
[EventRounds "9"]
[EventCountry "ESP"]
[SourceTitle "EXT 2007"]
[Source "ChessBase"]
[SourceDate "2006.11.23"]
[SourceVersion "1"]
[SourceVersionDate "2006.11.23"]
[SourceQuality "1"]

1. e4 c5 2. Nf3 d6 3. d4 cxd4 4. Nxd4 Nf6 5. Nc3 g6 6. Bc4 Bg7 7. f3 Nc6 8. Be3 0-0 9. Qd2 Qa5 10. 0-0-0 Bd7 11. h4 h5 12. Kb1 Rfc8 13. Bb3 Ne5 14. Nd5 Qxd2 15. Rxd2 Nxd5 16. Bxd5 Nc4 17. Bxc4 Rxc4 18. Rhd1 Rac8 19. Nb3 b6 20. Bd4 Bh6 21. Re2 Bb5 22. g3 R4c6 23. Rg2 a5 24. f4 a4 25. Nc1 e5 26. fxe5 dxe5 27. Bxe5 Re6 28. Bf4 Bg7 29. Rgd2 Rxe4 30. Rd8+ Rxd8 31. Rxd8+ Re8 32. Rxe8+ Bxe8 33. Nd3 f6 34. c4 Kf7 35. b4 axb3 36. axb3 Ke6 37. Kc2 Bf8 38. Bc7 b5 39. c5 g5 40. b4 Bg6 41. Kd2 Bxd3 42. Kxd3 Kd5 43. Bd8 gxh4 44. gxh4 Bg7 45. Be7 f5 46. Ke2 Bc3 47. Kf3 Ke6 48. Bg5 Bxb4 49. Be3 Kd5 50. c6 Bd6 51. Bd2 Kxc6 52. Bc3 Kd5 53. Bb2 b4 54. Bc1 Kd4 55. Bb2+ Kd3 56. Bf6 b3 0-1

[Event "Tarragona-ch"]
[Site "Tarragona"]
[Date "2003.??.??"]
[Round "5"]
[White "Galimany Rovira, Xavier"]
[Black "Fernandez Fuentes, Francisco Javier"]
[Result "0-1"]
[WhiteElo "1965"]
[BlackElo "2255"]
[PlyCount "64"]
[EventDate "2003.??.??"]
[EventType "swiss"]
[EventRounds "9"]
[EventCountry "ESP"]
[SourceTitle "EXT 2007"]
[Source "ChessBase"]
[SourceDate "2006.11.23"]
[SourceVersion "1"]
[SourceVersionDate "2006.11.23"]
[SourceQuality "1"]

1. d4 c5 2. d5 e5 3. e4 d6 4. Nc3 Be7 5. Nf3 Bg4 6. Be2 Bxf3 7. Bxf3 Bg5 8. 0-0 Bxc1 9. Qxc1 Ne7 10. Qg5 0-0 11. Bg4 Na6 12. a3 Nc8 13. Qxd8 Rxd8 14. f4 exf4 15. Rxf4 Ne7 16. Bh5 Ng6 17. Bxg6 hxg6 18. Nb5 Rd7 19. Re1 Re8 20. Rf2 Nc7 21. Nxc7 Rxc7 22. Rfe2 Rce7 23. Kf2 b5 24. c3 c4 25. Kf3 f5 26. h4 Kf7 27. g4 Kf6 28. g5+ Kf7 29. Kf4 Re5 30. Re3 fxe4 31. Rxe4 Rf5+ 32. Ke3 Rxe4+ 0-1

[Event "Tarragona-ch"]
[Site "Tarragona"]
[Date "2003.??.??"]
[Round "8"]
[White "Galimany Rovira, Xavier"]
[Black "Vives Toledo, Ramon"]
[Result "0-1"]
[WhiteElo "1965"]
[BlackElo "2145"]
[PlyCount "60"]
[EventDate "2003.??.??"]
[EventType "swiss"]
[EventRounds "9"]
[EventCountry "ESP"]
[SourceTitle "EXT 2007"]
[Source "ChessBase"]
[SourceDate "2006.11.23"]
[SourceVersion "1"]
[SourceVersionDate "2006.11.23"]
[SourceQuality "1"]

1. d4 Nf6 2. Nf3 g6 3. c4 Bg7 4. Nc3 0-0 5. Bg5 d6 6. e3 c6 7. h3 Nbd7 8. Be2 Qe8 9. 0-0 a6 10. b4 b5 11. cxb5 cxb5 12. a4 bxa4 13. Rxa4 Bb7 14. Qd2 Qb8 15. Rfa1 Rc8 16. Bh4 Nb6 17. Ra5 Nc4 18. Bxc4 Rxc4 19. Bxf6 Bxf6 20. b5 Qc8 21. bxa6 Bxf3 22. gxf3 Rxc3 23. Qb2 Rc7 24. a7 Qd7 25. Qb8+ Rc8 26. Qb3 e5 27. Rb5 Rxa7 28. Rxa7 Qxa7 29. Rb7 Qa1+ 30. Kg2 Rf8 0-1